සාර්ථක ව්යාපාරිකයෙකු වීමට ව්යවසායකත්ව ගුණාංග /
Sarthaka viyaparikayeku vimata vivasayakathva gunanga
Saved in:
| Main Author: | |
|---|---|
| Format: | Book |
| Published: |
[තැ.නො.] :
[ප්ර.නො.],
[?].
|
| Tags: |
Add Tag
No Tags, Be the first to tag this record!
|
MARC
| LEADER | 00000nam a22000007a 4500 | ||
|---|---|---|---|
| 003 | LK-CoNLD | ||
| 005 | 20260316091743.0 | ||
| 008 | 260313b |||||||| |||| 00| 0 ||| d | ||
| 015 | |2 slnb | ||
| 017 | |a 277759 |b LK-CoDNA | ||
| 040 | |a LK-CoNLD |b SIN |c LK-CoNLD |d LK-CoNLD | ||
| 082 | |2 23 |q LK-CoNLD | ||
| 100 | |a අත්තනායක, මුතුබණ්ඩා |9 31846 | ||
| 245 | |6 880-1 |a සාර්ථක ව්යාපාරිකයෙකු වීමට ව්යවසායකත්ව ගුණාංග / |c මුතුබණ්ඩා අත්තනායක. | ||
| 260 | |a [තැ.නො.] : |b [ප්ර.නො.], |c [?]. | ||
| 300 | |a පි. 63 ; |c සෙමි. 21. |b මැබැ-බෝක : රු. 116.55 | ||
| 880 | |6 245-1 |a Sarthaka viyaparikayeku vimata vivasayakathva gunanga | ||
| 942 | |c BOOK | ||
| 945 | |a 21990 |b Sachini DHANANJANI |c 18246 |d Chamari MUTHUMALI | ||
| 999 | |c 298049 |d 298049 | ||